Greek Mythology: Multiple Choice - Statistics

General Stats
  • This quiz has been taken 164 times
    150 since last reset
  • The average score is 14 of 15
Answer Stats
Question Answer % Correct
Goddess of Love and Beauty Aphrodite
100%
Who is the God of War? Ares
100%
Which God kidnapped Persephone? Hades
100%
God of crafts and blacksmiths Hephaestus
100%
Which hero killed Medusa? Perseus
100%
Who slew the Minotaur? Theseus
100%
Three main Gods Zeus, Poseidon, Hades
100%
Half man half horse Centaur
96%
Three headed dog, guarder of the gates of Hades. Cerberus
96%
Father of Zeus, Poseidon, Hades, Hera, Demeter, and Hestia Cronus
96%
Goddess of marriage husband of Zeus Hera
96%
Lord of the Sky Zeus
92%
God of Light Apollo
80%
God who stole Apollos sacred Red Bulls. Hermes
76%
Which gods title is Earthshaker? Poseidon
72%
No matching quizzes found
Score Distribution
Percent of People with Each Score
Percentile by Number Answered
Your Score History
You have not taken this quiz since the last reset